Bionalytické a elektroanalytické metody v analýze thiolových sloučenin a především metalothioneinu doktorská dizertačná práca
Uložené v:
| Hlavný autor: | |
|---|---|
| Médium: | Kniha |
| Jazyk: | Czech |
| Vydavateľské údaje: |
Brno, Bratislava
Mendelova univerzita v Brně
2015
|
| On-line prístup: | View in OPAC |
| Tagy: |
Žiadne tagy, Buďte prvý, kto otaguje tento záznam!
|
MARC
| LEADER | 00000nam a2200000 a 4500 | ||
|---|---|---|---|
| 005 | 20260127134042.0 | ||
| 008 | 160212 2015 000 0 cze d | ||
| 035 | |a vtls011472363 | ||
| 039 | 9 | |y 201602121003 |z mschk03 | |
| 040 | |a STUSCHK1 |b slo |c STUSCHK1 |e AACR2 | ||
| 100 | 1 | |a Kizek, René | |
| 245 | 1 | |a Bionalytické a elektroanalytické metody v analýze thiolových sloučenin a především metalothioneinu |b doktorská dizertačná práca |c René Kizek | |
| 260 | |a Brno, Bratislava |b Mendelova univerzita v Brně |c 2015 | ||
| 300 | |a 113 s. |b il. |c 30 cm | ||
| 500 | |a Vedný odbor: analytická chémia | ||
| 910 | |a SCHK95 | ||
| 999 | |c 2946 |d 2946 | ||